000 00309nam a22001337a 4500
008 181219b xxu||||| |||| 00| 0 eng d
020 _a9780534504687
041 _aeng
080 _28 TH
_a316
100 _a50
101 _aSOX
245 _aThe Practice Of Social Research
_cBabie.E
942 _2udc
_cBK
999 _c53524
_d53524